000 00261nam a2200085Ia 4500
245 0 _aIt's our turn to eat : the story of a Kenyan whistleblower
100 _a WRONG, Michela London, 2009
_976372
942 _cBK
008 210817s9999 xx 000 0 und d
999 _c273060
_d273059